000 00779nam a2200217Ia 4500
005 20241129111049.0
008 241129s9999||||xx |||||||||||||| ||und||
020 _a978-93-87409-27-9
037 _aTB
040 _aCRL
_bhin
_cCRL
041 _ahin
_2hin
084 _aO152,1N40x Q6
_qCRL
100 _aजगूड़ीए लीलाधरए लेण्
245 0 _aख़बर का मुह विज्ञापन से ढका है
_cजगूड़ीए लीलाधरए लेण्
260 _a, भारत
_bदिल्लीए वाणी प्रकाशनए
_c2008
300 _a107पृ0
365 _aINR
_b225
650 _aHindi literaturePoetry
942 _cTB
_hO152,1N40x Q6
999 _c1228772
_d1228772